| 000 | 00845cam a22002651 4500 | ||
|---|---|---|---|
| 001 | gs 65000507 | ||
| 003 | DLC | ||
| 005 | 20260227111418.0 | ||
| 008 | 721205s1965 xx 000 0 eng | ||
| 010 | _ags 65000507 | ||
| 035 | _a(OCoLC)506625 | ||
| 040 |
_aDLC _cOAkU _dOCoLC _dDLC |
||
| 042 | _apremarc | ||
| 050 | 0 | 0 |
_aQE185 _b.A4 no. 21 |
| 100 | 1 | _aMulligan, Robert. | |
| 245 | 1 | 0 | _aGeology of Canadian lithium deposits. |
| 260 |
_a[Ottawa] _bDept. of Mines and Technical Surveys _c[1965] |
||
| 300 |
_axiv, 131 p. _billus., maps (2 fold.) _c25 cm. |
||
| 410 | 2 | 0 |
_aGeological Survey of Canada. _tEconomic geology report _vno. 21 |
| 500 | _aAbstracts also in French, German and Russian. | ||
| 504 | _aBibliography: p. 116-120. | ||
| 650 | 0 | _aLithium. | |
| 650 | 0 |
_aLithium mines and mining _zCanada. |
|
| 650 | 0 |
_aPegmatites _zCanada. |
|
| 999 |
_c30151 _d30151 |
||